000 00566nam a2200217Ia 4500
003 BUBTL
008 151213s9999 xx 000 0 und d
020 _a9781557865489
082 _a658.83/ B1471p/ 1994
245 _aPrinciples of Marketing Research /
_cRichard R. Bagozzi
250 _a1st ed
260 _aUSA
_bBlack Wall
_cc1994
300 _axviii, 430 p. :
_c24 cm.
500 _aIncludes index
650 _aMarketing
650 _aMarketing
700 _aBagozzi, Richard R.
_95650
856 _k0
_l0
_yDownload
942 _2ddc
_cBK
999 _c1887
_d1887